000 00302nam a2200133Ia 4500
008 100328s9999 xx 000 0 und d
082 _b2154
100 _aFischer Louis
245 _aLenin's Russia
260 _bPadma Pub.
630 _aLenin's Russia
730 _aLenin's Russia
942 _cBOOK
999 _c498381
_d498378